Del amor sin fin

Gespeichert in:
Bibliographische Detailangaben
1. Verfasser: González-Urízar, Fernando (VerfasserIn)
Format: Buch
Sprache:Spanisch
Veröffentlicht: Santiago Academia Chilena de la Lengua 2000
Schlagworte:
Tags: Tag hinzufügen
Keine Tags, Fügen Sie den ersten Tag hinzu!

MARC

LEADER 00000nam a2200000 a 4500
001 UCM8916
003 CL-VaPUC
008 030404e20000000CL |||||||||||||||||spa|d
082 0 4 |a Ch861  |b GON  |2 21 
100 |a González-Urízar, Fernando  |e author  |9 475223 
245 1 0 |a Del amor sin fin 
300 |a 271 p 
942 |c BK 
945 |d 20030404 00:00:00  |a cmena 
260 |a Santiago  |b Academia Chilena de la Lengua  |c 2000 
650 0 |a Poesías chilenas   |9 265280 
650 0 |a Literatura chilena   |9 308278 
583 |a last modification  |c 20030404 00:00:00  |k Rodrigo Vera 
999 |c 303331  |d 303329 
952 |0 0  |1 0  |4 0  |6 CH_861_000000000000000_GON_2000  |7 0  |8 A  |9 364550  |a FDOPOS  |b FDOPOS  |d 2019-11-21  |i 3890759  |o Ch861 GON 2000  |p 3890759  |r 2025-01-22  |w 2019-11-21  |y BK  |k MLH